The Norton anthology of American literature / (Record no. 13839)

000 -LEADER
fixed length control field 00455pam a2200169 a 4500
020 ## - INTERNATIONAL STANDARD BOOK NUMBER
ISBN 039395871X (pbk. : v. 1)
020 ## - INTERNATIONAL STANDARD BOOK NUMBER
ISBN 0393958728 (pbk. : v. 2)
040 ## - CATALOGING SOURCE
Transcribing agency DLC
082 00 - DEWEY DECIMAL CLASSIFICATION NUMBER
Classification number 810 W.W.N 1998 A094 Or.
245 04 - TITLE STATEMENT
Title The Norton anthology of American literature /
250 ## - EDITION STATEMENT
Edition statement 5th ed.
260 ## - PUBLICATION, DISTRIBUTION, ETC. (IMPRINT)
Place of publication New York :
Name of publisher W.W. Norton,
Year of publication c1998.
300 ## - PHYSICAL DESCRIPTION
Number of Pages 2 v. :
Other physical details maps ;
Dimensions 24 cm.
650 #0 - SUBJECT ADDED ENTRY--TOPICAL TERM
Topical Term American literature.
700 1# - ADDED ENTRY--PERSONAL NAME
Personal name Baym, Nina.
942 ## - ADDED ENTRY ELEMENTS (KOHA)
Koha item type សៀវភៅភាសាអង់គ្លេស
952 ## - LOCATION AND ITEM INFORMATION (KOHA)
Withdrawn status [LOCAL, KOHA] 0
Holdings
Permanent Location Date acquired Koha item type Lost status Shelving location Barcode Current Location Full call number
Library Block A2017-08-31សៀវភៅភាសាអង់គ្លេស A094A19791Library Block A810 W.W.N 1998 A094 Or.
មជ្ឈមណ្ឌលឯការនៃសាកលវិទ្យាល័យភូមិន្ទកសិកម្មចំការដូង

Powered by Koha